Cases in finance

Bibliographic Details
Main Author: Scott, David F. (Author)
Format: Book
Published: Englewood Cliffs, NJ : Prentice-Hall , c1992
Edition:3rd ed.
Subjects:

MARC

LEADER 00000cam a2200000 7i4500
001 0000015708
005 20080203093000.0
008 021119s1992
020 |a 0131179950 
090 0 0 |a HG4015.5   |b .C36 1992 
245 0 0 |a Cases in finance   |c David F. Scott ... [et al.] 
250 |a 3rd ed. 
260 2 |a Englewood Cliffs, NJ :   |b Prentice-Hall ,   |c c1992 
300 |a viii, 327 p. ; ;   |c 23 cm. 
650 0 |a Business enterprises   |x Finance   |v Case studies 
650 0 |a Corporations   |x Finance   |x Case studies 
700 0 |a Scott, David F. ,   |e author 
999 |a 1000075928   |b Book   |c OPEN SHELF (30 DAYS)   |e Gong Badak Campus 
999 |a 1000081134   |b Book   |c OPEN SHELF (30 DAYS)   |e Gong Badak Campus